<?xml version="1.0" encoding="UTF-8"?>
<collection xmlns="http://www.loc.gov/MARC21/slim">
    <record>
        <controlfield tag="001">6509</controlfield>
        <controlfield tag="005">20190220130407.0</controlfield>
        <datafield tag="037" ind1=" " ind2=" ">
            <subfield code="a">TAZ-TFM-2011-084</subfield>
        </datafield>
        <datafield tag="041" ind1=" " ind2=" ">
            <subfield code="a">eng</subfield>
        </datafield>
        <datafield tag="100" ind1="1" ind2=" ">
            <subfield code="a">Fraca Santamaría, María Estíbaliz</subfield>
        </datafield>
        <datafield tag="245" ind1="0" ind2="0">
            <subfield code="a">Redes de Petri híbridas adaptativas : alcanzabilidad y ausencia de bloqueos</subfield>
        </datafield>
        <datafield tag="260" ind1=" " ind2=" ">
            <subfield code="a">Zaragoza</subfield>
            <subfield code="b">Universidad de Zaragoza</subfield>
            <subfield code="c">2011</subfield>
        </datafield>
        <datafield tag="506" ind1=" " ind2=" ">
            <subfield code="a">by-nc-sa</subfield>
            <subfield code="b">Creative Commons</subfield>
            <subfield code="c">3.0</subfield>
            <subfield code="u">http://creativecommons.org/licenses/by-nc-sa/3.0/</subfield>
        </datafield>
        <datafield tag="520" ind1=" " ind2=" ">
            <subfield code="a">Las redes de Petri (RdP) son un paradigma formal ampliamente aceptado para el modelado de sistemas de eventos discretos. No obstante, con poblaciones de gran tamaño, aparece el problema de la explosión de estados (crecimiento exponencial del tamaño del conjunto de estados alcanzables). Una manera de paliar este problema consiste en fluidificar el formalismo y considerar redes de Petri continuas, que permiten abordar de manera eficiente el estudio de los sistemas mediante técnicas lineales de análisis.      Sin embargo, las RdP continuas no siempre preservan sus propiedades, como por ejemplo la ausencia de bloqueos. En este Trabajo se introduce, formaliza y estudia un formalismo nuevo, denominado redes de Petri híbridas adaptativas (HAPN), que combina comportamiento continuo y discreto: El comportamiento de las transiciones de la red adaptativa es variable: una transición se comporta como continua si su carga de trabajo supera un umbral establecido inicialmente, en caso contrario se comporta como discreta. Estas redes pueden aproximar mejor las redes discretas, mientras que cuando las poblaciones son elevadas el comportamiento es continuo y las técnicas lineales son aplicables, evitando el problema de la explosión de estados. De esta manera, las HAPN constituyen un marco conceptual muy general que incluye a las redes de Petri discretas,continuas e híbridas.                                                                      En este trabajo, se ha definido formalmente el formalismo de redes de Petri adaptativas. A continuación, se ha caracterizado el conjunto de marcados alcanzables de las redes de Petri adaptativas, así como se compara con el de las RdP discretas. Por ultimo, se ha estudiado la propiedad de ausencia de bloqueos: se trata de determinar si la red adaptativa preserva la ausencia de bloqueos de la red discreta con misma estructura y marcado inicial.</subfield>
        </datafield>
        <datafield tag="521" ind1=" " ind2=" ">
            <subfield code="a">Máster Universitario en Ingeniería de Sistemas e Informática</subfield>
        </datafield>
        <datafield tag="540" ind1=" " ind2=" ">
            <subfield code="a">Derechos regulados por licencia Creative Commons</subfield>
        </datafield>
        <datafield tag="653" ind1="1" ind2=" ">
            <subfield code="a">redes de petri</subfield>
        </datafield>
        <datafield tag="653" ind1="1" ind2=" ">
            <subfield code="a">redes de petri híbridas</subfield>
        </datafield>
        <datafield tag="653" ind1="1" ind2=" ">
            <subfield code="a">sistemas híbridos</subfield>
        </datafield>
        <datafield tag="653" ind1="1" ind2=" ">
            <subfield code="a">alcanzabilidad</subfield>
        </datafield>
        <datafield tag="653" ind1="1" ind2=" ">
            <subfield code="a">ausencia de bloqueos</subfield>
        </datafield>
        <datafield tag="653" ind1="1" ind2=" ">
            <subfield code="a">sistemas adaptativos</subfield>
        </datafield>
        <datafield tag="700" ind1=" " ind2=" ">
            <subfield code="a">Júlvez Bueno, Jorge Emilio</subfield>
            <subfield code="e">dir.</subfield>
        </datafield>
        <datafield tag="700" ind1=" " ind2=" ">
            <subfield code="a">Silva Suárez, Manuel</subfield>
            <subfield code="e">dir.</subfield>
        </datafield>
        <datafield tag="710" ind1="2" ind2=" ">
            <subfield code="a">Universidad de Zaragoza</subfield>
            <subfield code="b">Informática e Ingeniería de Sistemas</subfield>
            <subfield code="c">Lenguajes y Sistemas Informáticos</subfield>
        </datafield>
        <datafield tag="856" ind1="0" ind2=" ">
            <subfield code="f">538316@celes.unizar.es</subfield>
        </datafield>
        <datafield tag="856" ind1="4" ind2=" ">
            <subfield code="s">472169</subfield>
            <subfield code="u">http://zaguan.unizar.es/record/6509/files/TAZ-TFM-2011-084.pdf</subfield>
            <subfield code="y">Memoria (eng)</subfield>
        </datafield>
        <datafield tag="909" ind1="C" ind2="O">
            <subfield code="o">oai:zaguan.unizar.es:6509</subfield>
            <subfield code="p">driver</subfield>
            <subfield code="p">trabajos-fin-master</subfield>
        </datafield>
        <datafield tag="950" ind1=" " ind2=" ">
            <subfield code="a"></subfield>
        </datafield>
        <datafield tag="980" ind1=" " ind2=" ">
            <subfield code="a">TAZ</subfield>
            <subfield code="b">TFM</subfield>
            <subfield code="c">CPS</subfield>
        </datafield>
    </record>

    
</collection>